=LDR 00000nam 2200000 4500 =001 INLIS000000000019039 =005 20200928122924 =035 ##$$a 0010-061300000019039 =008 200928################g##########0#ind## =041 ##$$a Ind =082 ##$$a 306.095 982 3 =090 ##$$a 306.095 982 3, Dam d =245 ##$$a Dampak budaya asing terhadap masyarakat di kawasan pariwisata daerah istimewa yogyakarta, /$c Penyunting, Siti Maria =260 ##$$a Jakarta :$b Depdikbud,$c 1996 =300 ##$$a 108 hlm, ; $c 14 x 21 cm =650 #4$$a Kebudayaan-DIY =850 ##$$a NBPNMAT =084 ##$$a 306.095 982 3 DAM =250 ##$$a cet. 1 =700 #$$a Penyunting, Siti Maria =990 ##$$a 43.032/Hd.96